logo

Bir Sreshtho Munshi Abdur Rouf Library
Jhenaidah Cadet College

Pharpur and Its Monuments / (Record no. 10287)

MARC details
000 -LEADER
fixed length control field 00608nam a22002297a 4500
001 - CONTROL NUMBER
JCCL Control Number 10287
003 - CONTROL NUMBER IDENTIFIER
JCCL marc code BD-JhCC
005 - DATE AND TIME OF LATEST TRANSACTION
control field 20180423121750.0
008 - FIXED-LENGTH DATA ELEMENTS--GENERAL INFORMATION
fixed length control field 180423b xxu||||| |||| 00| 0 eng d
035 ## - SYSTEM CONTROL NUMBER
system control number (BD-JhCC)10287
040 ## - CATALOGING SOURCE
Original cataloging agency BD-JhCC
Modifying agency BD-JhCC
041 ## - LANGUAGE CODE
Language code of Book eng
082 ## - DEWEY DECIMAL CLASSIFICATION NUMBER
Classification number 934.924
Author mark and Year Gup 1961
100 ## - MAIN ENTRY--PERSONAL NAME
Personal name Gupta, Charu Chandra Das
245 ## - TITLE STATEMENT
Title Pharpur and Its Monuments /
Statement of responsibility, etc Charu Chandra Das Gupta
260 ## - PUBLICATION, DISTRIBUTION, ETC. (IMPRINT)
Place of publication, distribution, etc Calcutta :
Name of publisher, distributor, etc Firma K. L. Mukhopadhayay,
Date of publication, distribution, etc 1961.
300 ## - PHYSICAL DESCRIPTION
Pagination 31 p. :
Other physical details ills;
Dimensions 20 cm.
650 ## - SUBJECT ADDED ENTRY--TOPICAL TERM
Topical term or geographic name as entry element Paharpur Sit
651 ## - SUBJECT ADDED ENTRY--GEOGRAPHIC NAME
Geographic name Bangladesh
942 ## - ADDED ENTRY ELEMENTS (KOHA)
Source of classification or shelving scheme Dewey Decimal Classification
Koha item type Reference
Holdings
Source of classification or shelving scheme Damaged status Not for loan Home library Current library Shelving location Date of accession Total Checkouts Full call number Barcode Date last seen Copy number Koha item type
Dewey Decimal Classification     JCC Rouf Library JCC Rouf Library General Stacks 04/23/2018   934.924 Gup 1961 13453 04/23/2018 C-1 Reference

JCC Library | Contacts | JCC Home

Last Update on 23 September 2017
Copyright @ 2017-2020 JCC Rouf Library
Rouf Library, Jhenidah Cadet College (JCC), Bangladesh